Tribunale di Primo Grado delle Comunit ̀Europee

Detalles Bibliográficos
Formato: Desconocido
Lenguaje:lenguas múltiples
Publicado: [Bľgica] : [s.n.]
Materias:
Acceso en línea:Acceso restringido

MARC

LEADER 00000ny a22000003n 4500
005 2011051004394.0
008 100413s19989999be a b i000 a mul d
035 |a 1690  
040 |a BUS  |d vlex 
090 |c 1495  |d 1495 
245 3 0 |a Tribunale di Primo Grado delle Comunit ̀Europee  |h [Recurso electrn̤ico] 
256 |a Servicio en ln̕ea 
260 |a [Bľgica] :  |b [s.n.] 
650 0 4 |a Sentencias  |x Publicaciones perid̤icas 
650 0 4 |a Tribunales de instancia  |z Comunidad Europea  |x Publicaciones perid̤icas 
740 0 |a vLex Revista (Servicios en ln̕ea) 
843 |a Electrn̤ica. Abierta 
853 |8 1  |i (year)  |j (month)  |k (day) 
856 4 0 |z Acceso restringido  |u http://vlex.com/source/tribunal-premiere-instance-des-communautes-europeennes-1689 
942 |c REV